| Tag |
First Indicator |
Second Indicator |
Subfields |
| LEADER |
00000cam a2200000 4500 |
| 001 |
in00000041726 |
| 005 |
20151007074721.0 |
| 008 |
730122s1962 nyua b 10000 eng u |
| 010 |
|
|
|a 61018294
|
| 035 |
|
|
|a (OCoLC)00543770
|
| 035 |
|
|
|9 AAF1980AM
|
| 040 |
|
|
|c WSU
|d TXA
|d UtOrBLW
|
| 049 |
|
|
|a TXAM
|c [345828]
|
| 050 |
|
0 |
|a QD506
|b .S9 1960
|
| 092 |
|
|
|a 541.3453063
|b S989, 1960
|
| 111 |
2 |
|
|a Symposium on the Retardation of Evaporation by Monolayers
|d (1960 :
|c New York)
|
| 245 |
1 |
0 |
|a Retardation of evaporation by monolayers :
|b transport processes /
|c Edited by Victor K. La Mer.
|
| 264 |
|
1 |
|a New York :
|b Academic Press,
|c 1962.
|
| 300 |
|
|
|a xx, 277 pages :
|b diagrams, tables ;
|c 24 cm.
|
| 336 |
|
|
|a text
|b txt
|2 rdacontent
|
| 337 |
|
|
|a unmediated
|b n
|2 rdamedia
|
| 338 |
|
|
|a volume
|b nc
|2 rdacarrier
|
| 500 |
|
|
|a "Held under the sponsorship of the Division of Colloid and Surface Chemistry of the American Chemical Society at the annual meeting, September, 1960."
|
| 504 |
|
|
|a Includes bibliographies.
|
| 650 |
|
0 |
|a Surface chemistry
|v Congresses.
|
| 650 |
|
0 |
|a Evaporation control
|x Congresses.
|
| 700 |
1 |
|
|a La Mer, Victor K.
|q (Victor Kuhn),
|d 1895-1966.
|
| 999 |
|
|
|a MARS
|
| 999 |
f |
f |
|s 42987d9c-9147-37f4-9631-86da954fdc87
|i 0a784033-ee01-3d05-b45f-49adb1fe4a94
|t 0
|
| 952 |
f |
f |
|p ric
|a Texas A&M University
|b Rellis Campus
|c Joint Library Facility
|s JLF
|d Remote Storage
|t 0
|e QD506 .S9 1960
|h Library of Congress classification
|i unmediated -- volume
|m A14800936753
|
| 998 |
f |
f |
|a QD506 .S9 1960
|t 0
|l Remote Storage
|